| 000 | 00750nam a2200217 a 4500 | ||
|---|---|---|---|
| 005 | 20140412111409.0 | ||
| 008 | 070718s19uu xx 00 eng d | ||
| 020 | _a0-68985876-0 | ||
| 050 |
_aTR(PS E _bPl69 2004 |
||
| 100 | _aMcnamara, Margaret | ||
| 245 |
_aThe playground problem / _cMargaret Mcnamara. |
||
| 260 |
_aNew York : _bScholastic, _c2004. |
||
| 300 | _a32 | ||
| 440 | _aReady to read | ||
| 500 | _a"Level 1, starting to read" | ||
| 520 | _aWhen first grades Nick, Jamie and Reza refuse to let emma join their soccer game just because she is a girl, Emma and her father devise a plan to teach the boys a lesson. | ||
| 650 | _aSex role-- fiction | ||
| 650 | _aSchools-- fiction | ||
| 650 | _aSoccer- fiction | ||
| 999 |
_c105622 _d105622 |
||